[Event "Torneo Interdepartamental 2020"]
[Site "Punta del Este"]
[Date "2020.10.31"]
[Round "1.1"]
[White "Dominguez, Facundo"]
[Black "Froz, Daniel"]
[Result "1-0"]
[WhiteElo "2170"]
[BlackElo "1670"]
[Annotator "TA"]
[PlyCount "57"]
[EventDate "2020.10.31"]
[EventType "team-tourn"]
[EventCountry "URU"]
[SourceTitle "playchess.com"]
[Source "ChessBase"]
[SourceQuality "1"]

{[%evp 9,57,50,250,250,304,299,349,331,344,357,642,637,586,543,558,450,636,416,850,831,894,813,787,746,736,698,693,709,677,673,722,718,741,736,887,855,937,933,909,909,909,902,972,871,2291,2231,1957,2062,1717,1610]} 1. e4 e5 2. Nf3 Nc6 3. Bb5 Bc5 4. O-O d6 5. c3 Nf6 $2 (5... a6 $14 6. Bxc6+ bxc6) 6. d4 $18 {C65: Ruy Lopez: Berlin Defence (3...Nf6), unusual lines and 4 0-0 Bc5.} exd4 7. cxd4 Bb6 8. d5 {[%mdl 64] [#] Pin. White has a decisive advantage.} a6 9. Ba4 {[%mdl 64] Pin} Bxf2+ $2 (9... Nxe4 10. dxc6 O-O) 10. Rxf2 b5 11. dxc6 bxa4 12. Qxa4 O-O {[#]} (12... Ng4 $142 13. Rf1 O-O) 13. Nc3 $146 ({Predecessor:} 13. Bg5 Qe7 14. Nc3 Qe6 15. Bxf6 Qxf6 16. Qd4 Qg6 17. Nh4 Qg5 18. Nf5 Be6 19. h4 {1-0 (33) Suilen,W (1397)-Soeterbroek,J (1369) Rijswijk 2007}) 13... Bg4 (13... Ng4 $142 14. Rf1 Be6) 14. Bg5 {White is clearly winning.} Be6 15. Qd4 h6 16. Bxf6 Qxf6 17. Qxf6 gxf6 18. Nd4 Kg7 19. b4 Rab8 20. a3 Rfe8 21. Re1 Kg6 22. Re3 Bc4 23. Rg3+ Kh7 24. Rxf6 {[#] Threatening mate with Nf5.} Rg8 25. Rxg8 Rxg8 26. Nf5 {[%csl Gf5][%cal Rf6h6]} Rg6 27. Rxg6 fxg6 28. Nd4 Kg7 29. Nd5 {Black did not feel at home in the position after the opening. Av CentiPawn Loss W=-32/B=-101. Weighted=-26/-122} 1-0

[Event "Torneo Interdepartamental 2020"]
[Site "Punta del Este"]
[Date "2020.10.31"]
[Round "1.2"]
[White "Muzzi, Eduardo"]
[Black "Carbone, Diego"]
[Result "0-1"]
[WhiteElo "1906"]
[BlackElo "2219"]
[Annotator "TA"]
[PlyCount "62"]
[EventDate "2020.10.31"]
[EventType "team-tourn"]
[EventCountry "URU"]
[SourceTitle "playchess.com"]
[Source "ChessBase"]
[SourceQuality "1"]

{[%evp 11,61,-32,-22,-18,-16,-72,-64,-65,-68,-157,-141,-155,-92,-88,-113,-147,-56,-70,-6,-6,0,-68,-57,-84,-57,-126,-149,-140,-150,-309,-304,-299,-297,-295,-296,-366,-359,-539,-542,-612,-608,-590,-541,-531,-533,-537,-525,-758,-635,-29996,-29997,-29999]} 1. e4 c5 2. Nc3 Nc6 3. f4 a6 4. a4 g6 5. Nf3 Bg7 6. Bc4 e6 7. O-O {B23: Closed Sicilian: Lines without g3.} Nge7 8. Qe1 (8. d3 $11 {keeps the balance.}) 8... Nb4 $17 9. Qd1 $1 {Black is slightly better.} d5 10. exd5 (10. Be2 $15) 10... exd5 11. Be2 d4 ({Black should play} 11... O-O 12. d3 Re8) 12. Ne4 d3 {[#]} 13. cxd3 $146 ({Predecessor:} 13. Bxd3 Nxd3 14. cxd3 Qxd3 15. Qe1 b6 16. Qe3 Qd8 17. Re1 O-O 18. Qe2 Nd5 19. d3 {0-1 (38) Gondko,K (1821)-Szczurek,N (1757) Lublin 2007}) 13... Nxd3 (13... Nec6 $17 14. Kh1 Qe7) 14. Qb3 $15 Nxf4 (14... c4 $15 15. Qxc4 Nxf4) 15. Bc4 $11 Be6 $36 {[%mdl 2048] Black has the initiative.} 16. Kh1 (16. d4 $11 Bxd4+ 17. Kh1 Bxc4 18. Qxc4) 16... Bxc4 $15 17. Qxc4 {[#] Threatens to win with Nfg5.} Qd3 18. Qxd3 (18. Ra3 $15 Qd5 19. Qxc5) 18... Nxd3 $17 19. Nd6+ Kd7 20. Nxf7 $2 {White does not recover from this.} (20. Nxb7 $17 Rhc8 21. Ne1 Nxe1 22. Rxe1) 20... Rhf8 $19 21. N7g5 h6 22. Ne4 g5 23. h3 Nf5 24. Ne1 (24. Kh2 {was necessary.}) 24... Nd6 {[%mdl 64] [#] Discovered Attack} 25. Rxf8 Rxf8 26. Nxd3 Rf1+ 27. Kh2 Nxe4 28. g4 {and the idea Kg2 leaves White hopeful.} Bd4 29. Kg2 Rg1+ 30. Kh2 Ng3 {[%cal Rg3f1]} 31. Ra3 Nf1# {Av CentiPawn Loss W=-81/B=-60. Weighted=-51/-29} 0-1

[Event "Torneo Interdepartamental 2020"]
[Site "Punta del Este"]
[Date "2020.10.31"]
[Round "1.3"]
[White "Genta, Alejandro"]
[Black "Elias, Adriano"]
[Result "1-0"]
[WhiteElo "2003"]
[BlackElo "1676"]
[Annotator "TA"]
[PlyCount "54"]
[EventDate "2020.10.31"]
[EventType "team-tourn"]
[EventCountry "URU"]
[SourceTitle "playchess.com"]
[Source "ChessBase"]
[SourceQuality "1"]

{[%evp 25,54,65,106,100,128,118,117,109,129,115,131,123,231,227,228,225,216,229,220,220,231,223,284,270,342,272,416,295,468,475,447]} 1. d4 d6 2. Nf3 g6 3. c4 Bg7 4. Nc3 Nf6 5. e4 O-O 6. Be2 Nc6 7. O-O e5 8. d5 Ne7 9. Ne1 Nd7 10. Be3 f5 11. f3 f4 12. Bf2 g5 13. Nd3 h5 14. c5 {E99: King's Indian: Classical Main Line: 9 Ne1 Nd7 10 f3 f5.} Rf6 15. cxd6 cxd6 16. Nb5 {[#] White is better.} a6 $146 {[#]} ({Predecessor:} 16... Rg6 17. Rc1 Nf6 18. Nc7 Rb8 19. Bxa7 Bd7 20. Bxb8 Qxb8 21. Qb3 g4 22. Nxe5 dxe5 23. d6+ Ned5 24. Nxd5 Nxd5 25. Qxd5+ Kh7 26. Rc7 Be6 {0-1 (26) Ralls,R (1900)-Chang,H (1800) FICGS email 2011}) 17. Na7 $1 Rg6 18. Rc1 g4 (18... Bf8 $16 19. Qb3 b5) 19. Nxc8 Rxc8 20. Rxc8 Qxc8 21. fxg4 hxg4 22. Bxg4 Qd8 23. Qf3 Nf6 24. Be6+ Kh7 25. Rc1 Rh6 (25... Bh6 $142 26. a4 Kh8) 26. b4 Qe8 (26... Nd7 $142 27. a4 Nf8) 27. Rc7 $18 Bf8 {Black got outplayed after the opening. Av CentiPawn Loss W=-17/B=-41. Weighted=-21/-48} 1-0

[Event "Torneo Interdepartamental 2020"]
[Site "Punta del Este"]
[Date "2020.10.31"]
[Round "1.4"]
[White "Bentancurt, Juan"]
[Black "Caitano, Martin Joel"]
[Result "0-1"]
[WhiteElo "1720"]
[BlackElo "2086"]
[Annotator "TA"]
[PlyCount "46"]
[EventDate "2020.10.31"]
[EventType "team-tourn"]
[EventCountry "URU"]
[SourceTitle "playchess.com"]
[Source "ChessBase"]
[SourceQuality "1"]

{[%evp 9,46,35,79,71,72,71,79,70,92,94,211,206,195,-72,-89,-246,-242,-231,-243,-299,-286,-336,-345,-338,-342,-431,-327,-417,-395,-415,-376,-433,-424,-425,-436,-537,-520,-521,-507]} 1. e4 d6 2. d4 Nd7 3. Nf3 e5 4. Bc4 exd4 5. Qxd4 Qf6 6. Nc3 {C41: Philidor Defence.} Ne5 7. Nxe5 dxe5 8. Qd3 {White is better.} c6 9. Be3 {[#] Threatens to win with Nb5!} Bb4 $146 (9... Be7 $16 {might work better.}) ({Predecessor:} 9... Qd6 10. O-O-O Qxd3 11. Rxd3 Nf6 12. Rhd1 Be7 13. f3 O-O 14. a4 b6 15. Ne2 Be6 16. Bxe6 fxe6 {1-0 (55) Kotenko,P (2403)-Bogdanov,R (1879) Taganrog 2018}) 10. O-O-O $18 Be6 {[#]} 11. Nd5 $2 (11. Nb5 $1 $18 {[%cal Rb5c7]} Qe7 12. Bxe6 (12. Nxa7 Nf6 $11) 12... fxe6 13. c3 (13. Nxa7 Nf6 $16)) 11... cxd5 $17 12. Bb5+ $2 {Now White is beyond hope.} (12. Bxd5 $17 Bxd5 13. Qxd5) 12... Kf8 $19 13. exd5 Bf5 14. Qc4 {[#]} Bd6 $1 {...Rc8 is the strong threat.} 15. Ba4 a6 {And now ...b5 would win.} 16. Bb3 Ne7 17. g4 Bd7 18. g5 Qf3 19. Rhg1 Rc8 20. Qf1 Nf5 {Black is clearly winning.} 21. Bb6 Bb5 22. c4 {[#]} Bxc4 $1 {[%mdl 576] Decoy} 23. Bxc4 {intending Kb1.} Qf4+ {Av CentiPawn Loss W=-49/B=-17. Weighted=-53/-16} 0-1

[Event "Torneo Interdepartamental 2020"]
[Site "Punta del Este"]
[Date "2020.10.31"]
[Round "1.6"]
[White "Barla, Rafael"]
[Black "Vaz Lacuesta, Leonardo"]
[Result "0-1"]
[WhiteElo "1836"]
[BlackElo "2085"]
[Annotator "TA"]
[PlyCount "50"]
[EventDate "2020.10.31"]
[EventType "team-tourn"]
[EventCountry "URU"]
[SourceTitle "playchess.com"]
[Source "ChessBase"]
[SourceQuality "1"]

{[%evp 17,50,7,19,-28,-22,-20,-26,-20,0,0,0,0,0,0,29,0,0,0,0,-77,-76,-78,-74,-89,-85,-83,-95,-106,-97,-118,-122,-149,-112,-725,-707]} 1. e4 e5 2. Nf3 Nc6 3. Bc4 Nf6 4. d3 Be7 5. c3 O-O 6. O-O d5 7. exd5 Nxd5 8. Re1 Bg4 9. h3 Bh5 10. g4 {C55: Two Knights: 4 d3, 4 d4 exd4 5 e5 and Max Lange Attack.} Bg6 11. Nxe5 Nxe5 12. Rxe5 {Black has an edge.} Nb6 13. Bb3 Bd6 14. Bg5 Qd7 15. Re3 {[#]} Qb5 $146 (15... h6 $5 16. Bh4 $8 Rae8 $11) ({Predecessor:} 15... h6 16. Bh4 Rae8 17. Rf3 Kh8 18. Nd2 f5 19. Bg3 Bxg3 20. Rxg3 f4 21. Rg2 Qxd3 {½-½ (46) Repkova,E (2363)-Szczepkowska,K (2360) Lubovna 2013}) 16. Bh4 Nd5 17. Rf3 {Hoping for c4.} Nf4 $36 {[%cal Rg6d3][%mdl 2048] Black has good play.} 18. c4 {[#]} (18. Na3 $11 Qc6 19. Ba4) 18... Qe5 $1 $17 {[%cal Re5b2]} 19. Nc3 Bxd3 {...Ne2+ is the strong threat.} 20. Bg3 Be2 $1 {[%cal Re2d1]} 21. Nxe2 Nxe2+ 22. Kg2 Nxg3 23. fxg3 Qxb2+ 24. Rf2 Qe5 25. Qd3 $2 {[%mdl 8192] [#]} (25. Rf3 $17) 25... Qxa1 {Av CentiPawn Loss W=-52/B=-6. Weighted=-56/-7} 0-1

[Event "Torneo Interdepartamental 2020"]
[Site "Punta del Este"]
[Date "2020.10.31"]
[Round "1.7"]
[White "Ibanez, Juan Rodrigo"]
[Black "Aramburu, Gabriel"]
[Result "1-0"]
[WhiteElo "2107"]
[BlackElo "1813"]
[Annotator "TA"]
[PlyCount "63"]
[EventDate "2020.10.31"]
[EventType "team-tourn"]
[EventCountry "URU"]
[SourceTitle "playchess.com"]
[Source "ChessBase"]
[SourceQuality "1"]

{[%evp 15,63,0,10,2,16,8,2,0,13,14,14,13,10,-30,207,164,183,114,203,198,265,103,201,200,177,168,150,170,239,139,130,147,128,131,133,123,347,352,597,548,2100,1476,29991,29992,29992,29993,29996,29997,29997,29998]} 1. e4 e5 2. Nf3 Nc6 3. Bb5 a6 4. Ba4 b5 5. Bb3 Bc5 6. O-O d6 7. c3 Nf6 8. d3 h6 9. h3 {C78: Ruy Lopez: Archangelsk and Möller Defences.} O-O 10. Re1 Bb6 11. Nbd2 {The position is equal.} Na5 12. Bc2 c5 13. Nf1 Be6 {[#]} 14. g4 $146 ({Predecessor:} 14. Ng3 Nc6 15. Nh4 Ne7 16. Qf3 Ng6 17. Nhf5 Rb8 18. Bd2 Kh8 19. Nh5 Nxh5 20. Qxh5 {½-½ (27) Elburg,J (2284)-Williamson,D (2348) ICCF email 2017}) 14... Nxg4 $2 (14... Nc6 $11) 15. hxg4 $18 Bxg4 16. N1h2 (16. Ne3 $18 Bh5 17. Kg2) 16... Bh3 (16... Bc8 $16 17. Kh1 f5) 17. Kh1 $1 f5 (17... Nc6 {keeps fighting.} 18. Be3 Kh8) 18. exf5 $2 (18. Bxh6 $18 {is more deadly. aiming for Rg1.} gxh6 19. Nxe5 $1 {[%mdl 512]}) 18... Ra7 (18... Bxf5 $16 {is a better defense.} 19. Rg1 Kh8) 19. Rg1 Kh8 20. d4 cxd4 21. cxd4 exd4 (21... Bxf5 $142 22. Bxf5 (22. dxe5 Bxc2 23. Qxc2 Qa8 $16) 22... Rxf5) 22. Rg3 ({White should try} 22. Nxd4 $18 Qa8+ 23. f3) 22... Bxf5 $16 23. Bxf5 Rxf5 24. Qd3 Raf7 25. Rh3 {Threatens to win with Bxh6!} Qf6 $2 {[#]} (25... Qd7 $16 {might work better.}) 26. Nh4 $1 $18 Rxf2 $2 {[#]} (26... h5 27. Qxf5 Qxf5 28. Nxf5 {[%mdl 64] Discovered Attack} Rxf5) 27. Bxh6 $1 {[%mdl 512]} Qe6 {If Black can now play ...Kg8 this consolidates a bit.} (27... Qxh6 28. Ng6+) 28. Rg1 {Threatening mate with Bxg7+!} Qd5+ 29. N4f3 {White mates.} Kg8 {[#]} 30. Bxg7 $1 {[%mdl 576] Decoy, Back Rank} Rxg7 31. Qh7+ {[%mdl 64] Double Attack} Kf8 32. Qxg7+ {Av CentiPawn Loss W=-45/B=-130. Weighted=-68/-192} 1-0

[Event "Torneo Interdepartamental 2020"]
[Site "Punta del Este"]
[Date "2020.10.31"]
[Round "1.8"]
[White "Nakle, Gonzalo"]
[Black "Zecharies, Alexis"]
[Result "0-1"]
[WhiteElo "1655"]
[BlackElo "1823"]
[Annotator "NA RC"]
[PlyCount "56"]
[EventDate "2020.10.31"]
[EventType "team-tourn"]
[EventCountry "URU"]
[SourceTitle "playchess.com"]
[Source "ChessBase"]
[SourceQuality "1"]
[TimeControl "3600+30"]

{[%evp 10,54,26,-72,-60,-60,32767,32767,32767,32767,32767,32767,32767,32767,-179,-192,-102,-227,-102,-137,-116,-109,-127,-110,-101,-221,32767,32767,32767,32767,32767,-363,-375,-701,-827,-733,32767,-784,-429,-612,-555,-1055,-644,-984,32767,-3118,-796]} 1. d4 {[%emt 0:03:24]} d5 {[%emt 0:00:19]} 2. c4 {[%emt 0:00:19]} c6 {[%emt 0:00:13]} 3. Nc3 {[%emt 0:01:11]} Nf6 {[%emt 0:01:15]} 4. cxd5 {[%emt 0:00:25]} cxd5 {[%emt 0:00:11]} 5. Bf4 {[%emt 0:00:30]} Nc6 {[%emt 0:03:14]} 6. g3 {[%emt 0:01:03] D10: Slav Defence: 3 cxd5 (without early Nf3) and 3 Nc3.} (6. e3 $11) 6... Qb6 {[%emt 0:01:43] [#]} 7. Nf3 $146 {[%emt 0:00:46]} ({Predecessor:} 7. Qd2 e6 8. Nf3 Ne4 9. Qc2 Nxd4 10. Nxd4 Qxd4 11. e3 Qb4 12. a3 Qa5 13. Rc1 Nxc3 14. Qxc3 Qxc3+ 15. Rxc3 {0-1 (34) Conde Chamizo,P (1791)-Sempere Domenech,A (1932) Salobrena 2020}) 7... Qxb2 {[%emt 0:04:51]} 8. Rc1 {[%emt 0:00:10]} e6 {[%emt 0:02:18]} 9. Qc2 {[%emt 0:02:00]} Qxc2 10. Rxc2 {[%emt 0:00:08]} Bb4 {[%emt 0:02:56]} 11. Kd1 {[%emt 0:03:25]} a6 {[%emt 0:01:50]} (11... Bxc3 $142 12. Rxc3 Ne4 {[%mdl 64] Double Attack} 13. Rxc6 bxc6) 12. Na4 {[%emt 0:00:27]} Ba5 {[%emt 0:03:25]} (12... Ne4 $19 13. Be3 Bd7) 13. e3 {[%emt 0:00:42]} (13. Bd2 $17 Bd8 14. e3) 13... O-O {[%emt 0:04:22]} (13... Ne4 $19 {and Black stays clearly on top.} 14. h3 f6) 14. Nc5 {[%emt 0:00:17]} Nb4 {[%emt 0:03:45]} 15. Rb2 {[%emt 0:00:07]} b6 {[%emt 0:00:24]} 16. Nb3 {[%emt 0:00:23]} Bd7 {[%emt 0:10:55]} 17. Bd6 {[%emt 0:00:42]} (17. Nxa5 $17 bxa5 18. Ne1) 17... Rfc8 {[%emt 0:04:20]} 18. Nxa5 {[%emt 0:01:28]} bxa5 {[%emt 0:00:03]} 19. Bxb4 {[%emt 0:00:22]} Ba4+ {[%emt 0:02:59]} 20. Ke1 {[%emt 0:02:03]} (20. Ke2 $142 axb4 21. Nd2) 20... axb4 {[%emt 0:02:42]} 21. Rxb4 $2 {[%emt 0:01:00]} (21. Ke2 Rc1 22. Bg2 Bb5+ 23. Kd2 Rxh1 24. Bxh1) 21... Rc1+ {[%emt 0:01:28]} 22. Kd2 {[%emt 0:00:56]} Rc2+ {[%emt 0:00:03]} 23. Ke1 {[%emt 0:02:34]} Rxa2 {[%emt 0:00:49]} 24. Nd2 $2 {[%emt 0:00:05]} (24. Rb1) 24... Rc8 {[%emt 0:01:01]} 25. Bd3 {[%emt 0:00:25]} Rc1+ {[%emt 0:02:58]} 26. Ke2 {[%emt 0:00:06]} Rxh1 {[%emt 0:00:30]} 27. Bb1 {[%emt 0:01:37]} Rxb1 $19 {[%emt 0:04:36]} 28. Rxb1 {[%emt 0:00:06]} Bb5+ {[%emt 0:00:04]} 0-1

[Event "Torneo Interdepartamental 2020"]
[Site "Punta del Este"]
[Date "2020.10.31"]
[Round "1.9"]
[White "Pinero, Ismael"]
[Black "Alzugaray, Ernesto"]
[Result "1/2-1/2"]
[WhiteElo "1882"]
[BlackElo "1620"]
[Annotator "NA RC"]
[PlyCount "98"]
[EventDate "2020.10.31"]
[EventType "team-tourn"]
[EventCountry "URU"]
[SourceTitle "playchess.com"]
[Source "ChessBase"]
[SourceQuality "1"]
[TimeControl "3600+30"]

1. e4 {[%emt 0:00:00]} e6 {[%emt 0:00:00]} 2. d4 {[%emt 0:00:00]} d5 {[%emt 0:00:00]} 3. Nc3 {[%emt 0:00:04]} Nf6 {[%emt 0:00:07]} 4. e5 {[%emt 0:00:05]} Nfd7 {[%emt 0:00:17]} 5. f4 {[%emt 0:00:20]} c5 {[%emt 0:00:28]} 6. Nf3 {[%emt 0:00:01]} Qb6 {[%emt 0:00:46]} 7. Na4 {[%emt 0:03:42] C11: French: Classical System: 4 e5 and 4 Bg5 dxe4.} Qa5+ {[%emt 0:02:08]} 8. c3 {[%emt 0:00:03]} Nc6 {[%emt 0:07:23]} 9. dxc5 {[%emt 0:01:57]} Nxc5 {[%emt 0:04:06]} 10. Nxc5 {[%emt 0:00:29]} Qxc5 {[%emt 0:00:59]} 11. Nd4 {[%emt 0:02:17] [#]} Nxd4 $146 {[%emt 0:01:21]} ({Predecessor:} 11... Be7 12. Nb3 Qb6 13. Qf3 f6 14. Be3 Qc7 15. exf6 Bxf6 16. O-O-O O-O 17. g3 a6 {1-0 (60) Bradler,S (1757)-Hulm,S (1494) Helmstedt 2005}) 12. Qxd4 {[%emt 0:00:12]} Qxd4 {[%emt 0:00:46]} 13. cxd4 {[%emt 0:00:13]} Bb4+ {[%emt 0:00:51]} 14. Bd2 {[%emt 0:00:09]} Bxd2+ {[%emt 0:00:35]} 15. Kxd2 {[%emt 0:00:00]} Bd7 {[%emt 0:00:41]} 16. Rc1 {[%emt 0:00:26]} Rc8 {[%emt 0:01:42]} 17. Rxc8+ Bxc8 {[%emt 0:00:09]} 18. Bd3 {[%emt 0:02:11]} Bd7 {[%emt 0:05:48]} 19. Rc1 {[%emt 0:00:27]} Kd8 {[%emt 0:00:25]} 20. g4 {[%emt 0:06:01]} h5 {[%emt 0:07:00]} 21. g5 {[%emt 0:00:52]} g6 {[%emt 0:00:33]} 22. h4 {[%emt 0:00:26]} Re8 {[%emt 0:00:55]} 23. Rc5 {[%emt 0:02:38]} Re7 {[%emt 0:12:31]} 24. Kc2 {[%emt 0:06:21]} Be8 {[%emt 0:03:00]} 25. Kb3 {[%emt 0:01:03]} Rc7 {[%emt 0:01:16]} 26. Kb4 {[%emt 0:05:02]} b6 {[%emt 0:07:55]} 27. Rc3 {[%emt 0:04:15]} Kc8 {[%emt 0:01:10]} 28. Ba6+ {[%emt 0:01:32]} Kb8 {[%emt 0:01:09]} 29. a4 {[%emt 0:00:13]} Rxc3 {[%emt 0:01:39]} 30. bxc3 {[%emt 0:00:04]} Kc7 {[%emt 0:00:28]} 31. a5 {[%emt 0:12:17]} Bc6 {[%emt 0:03:05]} 32. c4 {[%emt 0:01:03]} dxc4 {[%emt 0:00:28]} 33. Bxc4 {[%emt 0:00:02]} Kb7 {[%emt 0:03:28]} 34. f5 {[%emt 0:04:59]} gxf5 {[%emt 0:01:44]} 35. g6 {[%emt 0:00:16]} fxg6 {[%emt 0:00:06]} 36. Bxe6 {[%emt 0:00:03]} Be8 {[%emt 0:00:06]} 37. d5 {[%emt 0:00:14]} Kc7 {[%emt 0:00:47]} 38. d6+ {[%emt 0:02:27]} Kd8 {[%emt 0:02:03]} 39. axb6 {[%emt 0:01:32]} axb6 {[%emt 0:00:04]} 40. Bc4 $2 {[%emt 0:01:44]} (40. Bd5 Bd7 41. Kc4) 40... Bc6 {[%emt 0:00:56] [#]} 41. e6 $1 {[%emt 0:00:16]} f4 {[%emt 0:00:21]} 42. Bb5 $19 {[%emt 0:12:01]} (42. Bd3 $18 {avoids the disaster.} f3 43. Bxg6) 42... Bxb5 {[%emt 0:00:17]} 43. Kxb5 {[%emt 0:00:02]} f3 {[%emt 0:00:19]} 44. Kc6 {[%emt 0:00:02]} f2 {[%emt 0:01:05]} 45. e7+ {[%emt 0:00:11]} Ke8 {[%emt 0:00:48]} 46. Kc7 {[%emt 0:00:03]} f1=Q {[%emt 0:00:15]} 47. d7+ {[%emt 0:00:02]} Kxe7 {[%emt 0:00:14]} 48. d8=Q+ {[%emt 0:00:05]} Ke6 {[%emt 0:00:07]} 49. Qd6+ {[%emt 0:00:11]} Kf7 {[%emt 0:00:17]} 1/2-1/2

[Event "Torneo Interdepartamental 2020"]
[Site "Punta del Este"]
[Date "2020.10.31"]
[Round "1.10"]
[White "Nunez V, Daniel Fernando"]
[Black "Durante, Aurelio"]
[Result "*"]
[WhiteElo "2208"]
[BlackElo "1937"]
[Annotator "TA"]
[PlyCount "40"]
[EventDate "2020.10.31"]
[EventType "team-tourn"]
[EventCountry "URU"]
[SourceTitle "playchess.com"]
[Source "ChessBase"]
[SourceQuality "1"]

{[%evp 12,27,11,-2,0,0,34,17,52,33,38,50,45,45,39,39,57,0]} 1. d4 d5 2. Nf3 e6 3. Bf4 Nf6 4. e3 c5 5. c3 Nc6 6. Bd3 Bd6 7. Bg3 Bxg3 {D02: 1 d4 d5 2 Nf3 sidelines, including 2...Nf6 3 g3 and 2...Nf6 3 Bf4.} 8. hxg3 c4 9. Bc2 Qc7 {The position is equal.} 10. Nbd2 {White is slightly better.} e5 11. dxe5 Nxe5 12. Nxe5 Qxe5 13. Nf3 Qc7 14. Ba4+ {[#]} ({Better is} 14. Qd4 $14) {Predecessor:} 14... Bd7 $146 15. Bxd7+ Qxd7 16. Nd4 Rd8 17. Qc2 Ne4 18. Qe2 Nc5 19. O-O Ne4 20. Rfe1 a6 {1-0 (31) Alexandrakis,G (1318)-Karabetsas,I Peristeri 2018} *

[Event "Torneo Interdepartamental 2020"]
[Site "Punta del Este"]
[Date "2020.10.31"]
[Round "1.10"]
[White "Barla, Rafael"]
[Black "Vaz Lacuesta, Leonardo"]
[Result "1-0"]
[WhiteElo "1836"]
[BlackElo "2085"]
[Annotator "RC"]
[PlyCount "55"]
[EventDate "2020.10.31"]
[EventType "team-tourn"]
[EventCountry "URU"]
[SourceTitle "playchess.com"]
[Source "ChessBase"]
[SourceQuality "1"]
[TimeControl "3600+30"]

1. d4 {[%emt 0:00:00]} d5 {[%emt 0:00:00]} 2. Nf3 {[%emt 0:00:21]} e6 {[%emt 0:00:43]} 3. Bf4 {[%emt 0:00:44]} Nf6 {[%emt 0:00:25]} 4. e3 {[%emt 0:00:37]} c5 {[%emt 0:01:16]} 5. c3 {[%emt 0:00:10]} Nc6 {[%emt 0:00:35]} 6. Bd3 {[%emt 0:00:22]} Bd6 {[%emt 0:00:34]} 7. Bg3 {[%emt 0:01:21]} Bxg3 8. hxg3 {[%emt 0:00:09]} c4 {[%emt 0:06:25]} 9. Bc2 {[%emt 0:00:13]} Qc7 {[%emt 0:01:21]} 10. Nbd2 {[%emt 0:00:39]} e5 {[%emt 0:05:22]} 11. dxe5 {[%emt 0:02:32]} Nxe5 {[%emt 0:00:06]} 12. Nxe5 {[%emt 0:01:30]} Qxe5 {[%emt 0:00:05]} 13. Nf3 {[%emt 0:03:30]} Qc7 {[%emt 0:04:07]} 14. Ba4+ {[%emt 0:04:03]} Bd7 {[%emt 0:02:02]} 15. Bxd7+ Qxd7 {[%emt 0:00:05]} 16. Qd4 {[%emt 0:01:21]} a6 {[%emt 0:03:18]} 17. Rd1 {[%emt 0:00:33]} O-O-O {[%emt 0:03:39]} 18. Qa7 {[%emt 0:02:54]} Rhe8 {[%emt 0:00:58]} 19. Rh4 {[%emt 0:03:18]} Qb5 {[%emt 0:04:25]} 20. b3 {[%emt 0:03:16]} Re4 {[%emt 0:12:54]} 21. Nd4 {[%emt 0:13:22]} Qa5 {[%emt 0:01:49]} 22. b4 {[%emt 0:09:46]} Qc7 {[%emt 0:09:24]} 23. b5 {[%emt 0:05:28]} axb5 {[%emt 0:05:24]} 24. Rxe4 {[%emt 0:01:07]} Nxe4 {[%emt 0:00:13]} 25. Nxb5 {[%emt 0:00:12]} Qc6 {[%emt 0:01:49]} 26. Qa5 {[%emt 0:02:48]} Qc5 {[%emt 0:04:32]} 27. Na7+ {[%emt 0:02:25]} Kb8 {[%emt 0:01:17]} 28. Qxd8+ {[%emt 0:00:16]} 1-0